000 00603nam a2200205 a 4500
005 20240924065946.0
008 991125s1967 ag 000 0 spa u
035 _aUPN01000042805
049 _aCG
050 4 _aLB2805
_bB3.6 1967
100 1 _aBallesteros Usano, Antonio
_934099
245 1 0 _aOrganización escolar /
_cAntonio Ballesteros, Fernando Sáinz.
250 _a5a ed.
260 _aBuenos Aires :
_bLosada,
_c1967.
300 _a182 p
440 0 _aBiblioteca pedagógica
650 4 _aEscuelas
_xDirección y organización
_9346
700 1 _aSáinz, Fernando,
_ecoaut.
905 _aLibro
999 _c42805
_d42805